[Event "Mitropa Cup 27th"]
[Site "Olbia"]
[Date "2008.05.28"]
[Round "4.2"]
[White "Borisek, Jure"]
[Black "Godena, Michele"]
[Result "1/2-1/2"]
[WhiteElo "2522"]
[BlackElo "2528"]
[PlyCount "50"]
[EventDate "2008.05.25"]
[EventType "team-tourn"]
[EventRounds "9"]
[EventCountry "ITA"]
[Source "ChessBase"]
[SourceDate "2008.07.03"]
[WhiteTeam "Slovenia"]
[BlackTeam "Italy"]
[WhiteTeamCountry "SVK"]
[BlackTeamCountry "ITA"]

1. c4 e6 2. Nc3 d5 3. d4 a6 4. cxd5 exd5 5. Nf3 c6 6. Bf4 Ne7 7. e3 Ng6 8. Bg3
Bd6 9. Bd3 O-O 10. Qc2 Re8 11. O-O Bxg3 12. hxg3 Nd7 13. b4 Qe7 14. Rab1 Nf6
15. a4 Bg4 16. Nd2 Bd7 17. Rfe1 Qd6 18. b5 axb5 19. axb5 c5 20. dxc5 Qxc5 21.
Nb3 Qd6 22. Bxg6 hxg6 23. Nd4 Rac8 24. Qb3 Rc4 25. Red1 Rec8 1/2-1/2

[Event "Mitropa Cup 27th"]
[Site "Olbia"]
[Date "2008.05.28"]
[Round "4.3"]
[White "Garcia Palermo, Carlos H"]
[Black "Sebenik, Matej"]
[Result "1/2-1/2"]
[WhiteElo "2465"]
[BlackElo "2502"]
[PlyCount "124"]
[EventDate "2008.05.25"]
[EventType "team-tourn"]
[EventRounds "9"]
[EventCountry "ITA"]
[Source "ChessBase"]
[SourceDate "2008.07.03"]
[WhiteTeam "Italy"]
[BlackTeam "Slovenia"]
[WhiteTeamCountry "ITA"]
[BlackTeamCountry "SVK"]

1. d4 d6 2. e4 Nf6 3. Bd3 e5 4. d5 Be7 5. c4 O-O 6. Nc3 a5 7. Nge2 Na6 8. Ng3
c6 9. O-O Nc5 10. Bc2 Bd7 11. Be3 Qc8 12. Bxc5 dxc5 13. d6 Bd8 14. f4 Be6 15.
fxe5 Ng4 16. Nf5 Nxe5 17. b3 Qd7 18. Qh5 Bxf5 19. exf5 Qxd6 20. Rad1 Qh6 21.
Qxh6 gxh6 22. f6 Bc7 23. Bf5 Rad8 24. a4 Rd4 25. Rde1 Rfd8 26. Re3 Ng6 27. Rfe1
R4d6 28. Re8+ Nf8 29. R8e7 Rxf6 30. g4 Bf4 31. Ne4 Rfd6 32. Nxd6 Rxd6 33. Rxb7
Ng6 34. Rd7 Rd4 35. h3 Ne5 36. Rxd4 cxd4 37. Kf1 c5 38. Re4 Bg3 39. h4 f6 40.
h5 d3 41. Re3 Bf4 42. Rh3 d2 43. Ke2 Kf8 44. Rh1 Bg5 45. Rd1 Ke7 46. Rxd2 Bxd2
47. Kxd2 Nf3+ 48. Ke3 Ng5 49. Bc8 Kd8 50. Bb7 Nf7 51. Be4 Ng5 52. Bd5 Ke7 53.
Kf4 Ne6+ 54. Ke4 Ng5+ 55. Kf5 Nf7 56. Kf4 Ng5 57. Bg2 Ne6+ 58. Ke4 Kd6 59. Bf1
Ng5+ 60. Kf5 Ke7 61. Bd3 Ne6 62. Ke4 Kd6 {Kd4#} 1/2-1/2

[Event "Mitropa Cup 27th"]
[Site "Olbia"]
[Date "2008.05.28"]
[Round "4.4"]
[White "Skoberne, Jure"]
[Black "Borgo, Giulio"]
[Result "1-0"]
[WhiteElo "2492"]
[BlackElo "2453"]
[PlyCount "54"]
[EventDate "2008.05.25"]
[EventType "team-tourn"]
[EventRounds "9"]
[EventCountry "ITA"]
[Source "ChessBase"]
[SourceDate "2008.07.03"]
[WhiteTeam "Slovenia"]
[BlackTeam "Italy"]
[WhiteTeamCountry "SVK"]
[BlackTeamCountry "ITA"]

1. e4 d6 2. d4 Nf6 3. Bd3 e5 4. c3 Be7 5. f4 O-O 6. Nf3 Nbd7 7. fxe5 dxe5 8.
O-O b6 9. Qe2 Bb7 10. Nbd2 exd4 11. cxd4 c5 12. e5 Nd5 13. Ne4 h6 14. Ng3 Nb4
15. Bc4 b5 16. Bxb5 cxd4 17. Nxd4 Bc5 18. Ngf5 Qb6 19. Kh1 Rad8 20. Nb3 Ba6 21.
a4 Bxb5 22. axb5 Kh8 23. Nxc5 Qxc5 24. Be3 Qxe5 25. Qc4 Nd5 26. Bd4 N7b6 27.
Qc1 Qe6 1-0

[Event "Mitropa Cup 27th"]
[Site "Olbia"]
[Date "2008.05.29"]
[Round "5.1"]
[White "Baramidze, David"]
[Black "Neubauer, Martin"]
[Result "1/2-1/2"]
[WhiteElo "2583"]
[BlackElo "2466"]
[PlyCount "95"]
[EventDate "2008.05.25"]
[EventType "team-tourn"]
[EventRounds "9"]
[EventCountry "ITA"]
[Source "ChessBase"]
[SourceDate "2008.07.03"]
[WhiteTeam "Germany"]
[BlackTeam "Austria"]
[WhiteTeamCountry "GER"]
[BlackTeamCountry "AUT"]

1. e4 e5 2. Nf3 Nc6 3. Bb5 Nf6 4. O-O Nxe4 5. d4 Nd6 6. Bxc6 dxc6 7. dxe5 Nf5
8. Qxd8+ Kxd8 9. Nc3 Ke8 10. b3 a5 11. h3 Be7 12. Bb2 h5 13. Rad1 Be6 14. Bc1
Rd8 15. Rxd8+ Kxd8 16. Ng5 Bxg5 17. Bxg5+ Kc8 18. Ne2 c5 19. Rd1 a4 20. Nf4
axb3 21. axb3 Nd4 22. b4 b6 23. bxc5 bxc5 24. Be7 Nxc2 25. Bxc5 Bf5 26. Nd5 Be4
27. Ne7+ Kb7 28. f3 Bh7 29. Rb1+ Ka6 30. Nd5 Rc8 31. h4 Ka5 32. Rb7 Ka6 33.
Rxc7 Rxc7 34. Nxc7+ Kb7 35. e6 fxe6 36. Nxe6 Kc6 37. Bf2 Kd6 38. Nxg7 Bg6 39.
f4 Ke7 40. f5 Bf7 41. g4 Kf6 42. Nxh5+ Bxh5 43. gxh5 Kxf5 44. Kg2 Nb4 45. Bd4
Nd5 46. Kf3 Nf6 47. h6 Kg6 48. Kf4 1/2-1/2

[Event "Mitropa Cup 27th"]
[Site "Olbia"]
[Date "2008.05.29"]
[Round "5.2"]
[White "Baumegger, Siegfried"]
[Black "Braun, Arik"]
[Result "1-0"]
[WhiteElo "2440"]
[BlackElo "2529"]
[PlyCount "53"]
[EventDate "2008.05.25"]
[EventType "team-tourn"]
[EventRounds "9"]
[EventCountry "ITA"]
[Source "ChessBase"]
[SourceDate "2008.07.03"]
[WhiteTeam "Austria"]
[BlackTeam "Germany"]
[WhiteTeamCountry "AUT"]
[BlackTeamCountry "GER"]

1. c4 e6 2. Nc3 d5 3. d4 c6 4. e4 dxe4 5. Nxe4 Bb4+ 6. Bd2 Qxd4 7. Bxb4 Qxe4+
8. Ne2 Nd7 9. Qd6 c5 10. Bc3 Ne7 11. O-O-O Nf5 12. Qc7 Qc6 13. Qxc6 bxc6 14. g4
Nh4 15. Ng3 Ke7 16. Bxg7 Rg8 17. Nh5 Nf3 18. Bd3 Nfe5 19. Bxh7 Rxg7 20. Nxg7
Nxg4 21. Rhe1 Nxf2 22. Rd2 Ng4 23. Nf5+ Kf6 24. Nd6 Nde5 25. h3 Nh6 26. Rf2+
Nf5 27. Ne8+ 1-0

[Event "Mitropa Cup 27th"]
[Site "Olbia"]
[Date "2008.05.29"]
[Round "5.3"]
[White "Naumann, Alexander"]
[Black "Pilaj, Herwig"]
[Result "1-0"]
[WhiteElo "2523"]
[BlackElo "2389"]
[PlyCount "147"]
[EventDate "2008.05.25"]
[EventType "team-tourn"]
[EventRounds "9"]
[EventCountry "ITA"]
[Source "ChessBase"]
[SourceDate "2008.07.03"]
[WhiteTeam "Germany"]
[BlackTeam "Austria"]
[WhiteTeamCountry "GER"]
[BlackTeamCountry "AUT"]

1. c4 c5 2. Nf3 Nc6 3. d4 cxd4 4. Nxd4 Nf6 5. Nc3 e6 6. g3 Bc5 7. Nb3 Be7 8.
Bg2 O-O 9. O-O b6 10. Nb5 Ba6 11. Bf4 d5 12. Nc7 Bxc4 13. Nxa8 Qxa8 14. Re1 e5
15. Bg5 Rd8 16. Rc1 h6 17. Bxf6 Bxf6 18. e4 Bg5 19. Rc3 dxe4 20. Qg4 Bd5 21.
Bxe4 Nd4 22. Nxd4 exd4 23. Bxd5 Qxd5 24. Rc8 Rxc8 25. Qxc8+ Kh7 26. h4 Bf6 27.
Qc2+ g6 28. Qb3 Qd7 29. Qf3 Kg7 30. Rd1 h5 31. Qd3 Qd5 32. b3 Qc6 33. Qc4 Qe4
34. Qd3 Qc6 35. Rd2 Qc1+ 36. Kg2 Qc6+ 37. Qf3 Qc1 38. Rd1 Qc2 39. a3 a5 40. a4
Qc5 41. Qd3 Qd5+ 42. Kg1 Qc6 43. Re1 Qc5 44. Re4 Qc1+ 45. Kh2 Qc6 46. Rf4 Qd6
47. Kg2 Qd5+ 48. Rf3 Qc6 49. Qb5 Qd6 50. Qc4 Qd7 51. Rd3 Qb7+ 52. Rf3 Qd7 53.
Kg1 Qd6 54. Rd3 Qd7 55. Rd2 Qd6 56. Rc2 Qe5 57. Qd3 Be7 58. Re2 Qd6 59. Re4 Bf6
60. Re8 Qc6 61. Re2 Qc1+ 62. Kh2 Qc6 63. Rc2 Qd6 64. Kg2 Qd7 65. Qb5 Qe6 66.
Rc7 Qe4+ 67. f3 Qe3 68. Qc4 Qe8 69. Rb7 Kh6 70. Rxb6 Qe5 71. Qd3 Bd8 72. Rb5
Qd6 73. Qe4 Kh7 74. Rxh5+ 1-0

[Event "Mitropa Cup 27th"]
[Site "Olbia"]
[Date "2008.05.29"]
[Round "5.4"]
[White "Kreisl, Robert"]
[Black "Huschenbeth, Niclas"]
[Result "0-1"]
[WhiteElo "2322"]
[BlackElo "2453"]
[PlyCount "82"]
[EventDate "2008.05.25"]
[EventType "team-tourn"]
[EventRounds "9"]
[EventCountry "ITA"]
[Source "ChessBase"]
[SourceDate "2008.07.03"]
[WhiteTeam "Austria"]
[BlackTeam "Germany"]
[WhiteTeamCountry "AUT"]
[BlackTeamCountry "GER"]

1. e4 c5 2. Nf3 d6 3. d4 cxd4 4. Nxd4 Nf6 5. Nc3 Nc6 6. Bg5 Bd7 7. Qd2 Rc8 8.
f3 a6 9. O-O-O Nxd4 10. Qxd4 Qa5 11. h4 h6 12. Bd2 Qc5 13. Qxc5 Rxc5 14. Be3
Rc8 15. g4 e6 16. Bf4 Rc6 17. Rh2 e5 18. Be3 Be7 19. Rhd2 Be6 20. Nd5 Bxd5 21.
exd5 Rc8 22. c4 Nd7 23. Bf2 Bd8 24. Rc2 Bb6 25. Bxb6 Nxb6 26. b4 Nd7 27. Bd3 g6
28. Kb2 a5 29. a3 b6 30. Rg1 Ke7 31. Rh2 Ra8 32. h5 gxh5 33. Rxh5 axb4 34. axb4
Ra4 35. Ra1 Rxa1 36. Kxa1 b5 37. cxb5 Nf6 38. Rh2 Nxd5 39. Be4 Nb6 40. Rc2 d5
41. Rc7+ Kd8 0-1

[Event "Mitropa Cup 27th"]
[Site "Olbia"]
[Date "2008.05.29"]
[Round "5.1"]
[White "Saric, Ante"]
[Black "Markos, Jan"]
[Result "1/2-1/2"]
[WhiteElo "2505"]
[BlackElo "2565"]
[PlyCount "40"]
[EventDate "2008.05.25"]
[EventType "team-tourn"]
[EventRounds "9"]
[EventCountry "ITA"]
[Source "ChessBase"]
[SourceDate "2008.07.03"]
[WhiteTeam "Croatia"]
[BlackTeam "Slovakia"]
[WhiteTeamCountry "CRO"]
[BlackTeamCountry "SVK"]

1. d4 Nf6 2. c4 g6 3. Nc3 Bg7 4. e4 d6 5. Nf3 O-O 6. Be2 e5 7. O-O Nc6 8. dxe5
dxe5 9. Bg5 Nd4 10. Nxe5 Ne6 11. Bh4 Qxd1 12. Raxd1 Nxe4 13. Nxe4 Bxe5 14. Be7
Nd4 15. Rfe1 Re8 16. Nf6+ Bxf6 17. Bxf6 Rxe2 18. Bxd4 Rxe1+ 19. Rxe1 Be6 20. b3
Rd8 1/2-1/2

[Event "Mitropa Cup 27th"]
[Site "Olbia"]
[Date "2008.05.29"]
[Round "5.2"]
[White "Vavrak, Peter"]
[Black "Bosiocic, Marin"]
[Result "1/2-1/2"]
[WhiteElo "2466"]
[BlackElo "2503"]
[PlyCount "42"]
[EventDate "2008.05.25"]
[EventType "team-tourn"]
[EventRounds "9"]
[EventCountry "ITA"]
[Source "ChessBase"]
[SourceDate "2008.07.03"]
[WhiteTeam "Slovakia"]
[BlackTeam "Croatia"]
[WhiteTeamCountry "SVK"]
[BlackTeamCountry "CRO"]

1. c4 e5 2. Nc3 Bb4 3. Nd5 Bc5 4. e3 Nf6 5. d4 Nxd5 6. cxd5 exd4 7. exd4 Bb4+
8. Bd2 Bxd2+ 9. Qxd2 O-O 10. Bd3 c6 11. Ne2 cxd5 12. Rc1 d6 13. Qc2 g6 14. O-O
Be6 15. Qc7 Qd7 16. Nf4 Nc6 17. Nxe6 Qxe6 18. Qxb7 Nxd4 19. Rfe1 Rab8 20. Rxe6
Rxb7 21. Rxd6 Rxb2 1/2-1/2

[Event "Mitropa Cup 27th"]
[Site "Olbia"]
[Date "2008.05.29"]
[Round "5.3"]
[White "Saric, Ivan"]
[Black "Macak, Stefan"]
[Result "0-1"]
[WhiteElo "2500"]
[BlackElo "2342"]
[PlyCount "80"]
[EventDate "2008.05.25"]
[EventType "team-tourn"]
[EventRounds "9"]
[EventCountry "ITA"]
[Source "ChessBase"]
[SourceDate "2008.07.03"]
[WhiteTeam "Croatia"]
[BlackTeam "Slovakia"]
[WhiteTeamCountry "CRO"]
[BlackTeamCountry "SVK"]

1. e4 e6 2. d4 d5 3. Nc3 Bb4 4. e5 Qd7 5. a3 Bxc3+ 6. bxc3 b6 7. Qg4 f5 8. Qg3
Ba6 9. Bxa6 Nxa6 10. Nh3 O-O-O 11. a4 Nb8 12. a5 Nc6 13. axb6 cxb6 14. Qd3 Nge7
15. Nf4 Kb8 16. Qa6 Rhe8 17. O-O Nc8 18. Nd3 Qc7 19. Qb5 Ka8 20. Nb4 Nxb4 21.
cxb4 Qc4 22. Qa4 b5 23. Qa5 Rd7 24. Bb2 Rb7 25. Ra3 Qxc2 26. Ba1 Qc7 27. Qa6
Qb6 28. Rc1 Qxa6 29. Rxa6 Rb6 30. Ra3 Ne7 31. Rc7 Rb7 32. Rc5 Rc8 33. g4 fxg4
34. Ra6 Rb6 35. Rxb6 Rxc5 36. Rxe6 Rc1+ 37. Kg2 Nf5 38. Ra6 g5 39. f3 Rc2+ 40.
Kh1 Ne3 0-1

[Event "Mitropa Cup 27th"]
[Site "Olbia"]
[Date "2008.05.29"]
[Round "5.4"]
[White "Smolen, Jan"]
[Black "Doric, Darko"]
[Result "0-1"]
[WhiteElo "2445"]
[BlackElo "2448"]
[PlyCount "115"]
[EventDate "2008.05.25"]
[EventType "team-tourn"]
[EventRounds "9"]
[EventCountry "ITA"]
[Source "ChessBase"]
[SourceDate "2008.07.03"]
[WhiteTeam "Slovakia"]
[BlackTeam "Croatia"]
[WhiteTeamCountry "SVK"]
[BlackTeamCountry "CRO"]

1. d4 d5 2. c4 e6 3. Nc3 c6 4. Nf3 dxc4 5. e3 b5 6. a4 Bb4 7. Bd2 a5 8. Ne5 Bb7
9. axb5 Bxc3 10. bxc3 cxb5 11. Rb1 Qd5 12. Qg4 g6 13. e4 Qxe4+ 14. Qxe4 Bxe4
15. Rxb5 Ne7 16. Nxc4 O-O 17. f3 Bd5 18. Kf2 a4 19. Bd3 Nd7 20. Ra1 Bxc4 21.
Bxc4 Ra7 22. Bd3 Nf6 23. Ra3 Rc8 24. Bc2 Nfd5 25. Rc5 Rca8 26. Ke2 h5 27. Kd3
Kf8 28. c4 Nf6 29. Bc3 Nf5 30. g3 Ra6 31. Rb5 Nd7 32. g4 hxg4 33. fxg4 Nh6 34.
h3 f5 35. g5 Nf7 36. h4 Kg8 37. Ke3 Rc6 38. Kd3 Rd8 39. Ba5 Nde5+ 40. Ke2 Nxc4
41. Ra2 Nxa5 42. Rxa5 Rxd4 43. Ra8+ Kg7 44. Ra7 Rdc4 45. Bxa4 Rc7 46. Bd7 Kf8
47. Ra8+ Ke7 48. Bb5 Re4+ 49. Kf2 Nd6 50. Bf1 Rxh4 51. Rg8 Ne4+ 52. Ke3 Nxg5
53. Rg7+ Nf7 54. Rxg6 Re4+ 55. Kf2 Rf4+ 56. Kg2 Rd7 57. Be2 Ne5 58. Bb5 0-1

[Event "Mitropa Cup 27th"]
[Site "Olbia"]
[Date "2008.05.29"]
[Round "5.1"]
[White "Haba, Petr"]
[Black "Le Roux, Jean Pierre"]
[Result "1-0"]
[WhiteElo "2544"]
[BlackElo "2482"]
[PlyCount "77"]
[EventDate "2008.05.25"]
[EventType "team-tourn"]
[EventRounds "9"]
[EventCountry "ITA"]
[Source "ChessBase"]
[SourceDate "2008.07.03"]
[WhiteTeam "Czech Republic"]
[BlackTeam "France"]
[WhiteTeamCountry "CZE"]
[BlackTeamCountry "FRA"]

1. e4 d6 2. d4 Nf6 3. Nc3 g6 4. Be3 c6 5. h3 Bg7 6. f4 Qa5 7. Qf3 d5 8. e5 Ne4
9. Bd3 c5 10. Bxe4 dxe4 11. Qxe4 cxd4 12. Qxd4 O-O 13. O-O-O Nc6 14. Qc5 Qa6
15. Qb5 Qxb5 16. Nxb5 f6 17. exf6 Bxf6 18. Ne2 Bf5 19. Ng3 a6 20. Nc7 Rac8 21.
Nxf5 Rxc7 22. Bb6 Rcc8 23. Ne3 Bg7 24. Rhf1 e5 25. fxe5 Rxf1 26. Rxf1 Nxe5 27.
Nd5 Re8 28. b3 Re6 29. c4 Nc6 30. Kd2 g5 31. Re1 Ne5 32. Kc2 h5 33. Bc7 Nc6 34.
Rxe6 Nd4+ 35. Kd3 Nxe6 36. Ke4 Kf7 37. Kf5 b5 38. cxb5 axb5 39. Bb6 1-0

[Event "Mitropa Cup 27th"]
[Site "Olbia"]
[Date "2008.05.29"]
[Round "5.2"]
[White "Benitah, Yohan"]
[Black "Simacek, Pavel"]
[Result "1/2-1/2"]
[WhiteElo "2425"]
[BlackElo "2461"]
[PlyCount "71"]
[EventDate "2008.05.25"]
[EventType "team-tourn"]
[EventRounds "9"]
[EventCountry "ITA"]
[Source "ChessBase"]
[SourceDate "2008.07.03"]
[WhiteTeam "France"]
[BlackTeam "Czech Republic"]
[WhiteTeamCountry "FRA"]
[BlackTeamCountry "CZE"]

1. d4 d5 2. c4 e6 3. Nc3 Nf6 4. cxd5 exd5 5. Bg5 Nbd7 6. e3 Be7 7. Bd3 O-O 8.
Nge2 Re8 9. O-O c6 10. Qc2 Nf8 11. f3 Be6 12. Rad1 Rc8 13. h3 N6d7 14. Bxe7
Rxe7 15. e4 dxe4 16. fxe4 c5 17. d5 c4 18. dxe6 Rxe6 19. Nf4 cxd3 20. Qxd3 Re5
21. Kh1 Qh4 22. Qd4 a6 23. Nfd5 Ng6 24. Ne3 Nf6 25. Nf5 Qg5 26. Rf3 Rce8 27.
Qf2 Nxe4 28. Nxe4 Rxe4 29. Nd6 Rd8 30. Rxf7 Qe5 31. Rxb7 Re2 32. Qf7+ Kh8 33.
Qf1 Kg8 34. Qf7+ Kh8 35. Qf1 Kg8 36. Qf7+ 1/2-1/2

[Event "Mitropa Cup 27th"]
[Site "Olbia"]
[Date "2008.05.29"]
[Round "5.4"]
[White "Monroy, Charles"]
[Black "Plat, Vojtech"]
[Result "1-0"]
[WhiteElo "2399"]
[BlackElo "2332"]
[PlyCount "45"]
[EventDate "2008.05.25"]
[EventType "team-tourn"]
[EventRounds "9"]
[EventCountry "ITA"]
[Source "ChessBase"]
[SourceDate "2008.07.03"]
[WhiteTeam "France"]
[BlackTeam "Czech Republic"]
[WhiteTeamCountry "FRA"]
[BlackTeamCountry "CZE"]

1. Nf3 c5 2. c4 Nc6 3. d4 cxd4 4. Nxd4 g6 5. Nc3 Bg7 6. Nc2 Nf6 7. g3 O-O 8.
Bg2 d6 9. O-O Be6 10. Ne3 Rc8 11. Bd2 Qd7 12. Re1 Nd4 13. Ncd5 Nf5 14. Qb3 Bxd5
15. cxd5 Bh6 16. Bh3 e6 17. dxe6 fxe6 18. Nxf5 Bxd2 19. Nd4 Kh8 20. Red1 Ne4
21. Bxe6 Qg7 22. Qd3 Nxf2 23. Qxd2 1-0

[Event "Mitropa Cup 27th"]
[Site "Olbia"]
[Date "2008.05.29"]
[Round "5.1"]
[White "Lenic, Luka"]
[Black "Erdos, Viktor"]
[Result "1/2-1/2"]
[WhiteElo "2584"]
[BlackElo "2576"]
[PlyCount "24"]
[EventDate "2008.05.25"]
[EventType "team-tourn"]
[EventRounds "9"]
[EventCountry "ITA"]
[Source "ChessBase"]
[SourceDate "2008.07.03"]
[WhiteTeam "Slovenia"]
[BlackTeam "Hungary"]
[WhiteTeamCountry "SVK"]
[BlackTeamCountry "HUN"]

1. c4 e6 2. d4 Nf6 3. Nf3 d5 4. cxd5 exd5 5. Nc3 c6 6. Bg5 h6 7. Bh4 Bf5 8. Qb3
g5 9. Bg3 Qb6 10. e3 Nbd7 11. Be2 Ne4 12. Nxe4 Bxe4 1/2-1/2

[Event "Mitropa Cup 27th"]
[Site "Olbia"]
[Date "2008.05.29"]
[Round "5.2"]
[White "Gonda, Laszlo"]
[Black "Borisek, Jure"]
[Result "0-1"]
[WhiteElo "2509"]
[BlackElo "2522"]
[PlyCount "97"]
[EventDate "2008.05.25"]
[EventType "team-tourn"]
[EventRounds "9"]
[EventCountry "ITA"]
[Source "ChessBase"]
[SourceDate "2008.07.03"]
[WhiteTeam "Hungary"]
[BlackTeam "Slovenia"]
[WhiteTeamCountry "HUN"]
[BlackTeamCountry "SVK"]

1. d4 Nf6 2. c4 g6 3. Nc3 d5 4. cxd5 Nxd5 5. e4 Nxc3 6. bxc3 Bg7 7. Bb5+ c6 8.
Ba4 a5 9. Ne2 b5 10. Bb3 a4 11. Bc2 e5 12. O-O O-O 13. Be3 Be6 14. f4 exd4 15.
Bxd4 Bc4 16. f5 Bxe2 17. Qxe2 Bxd4+ 18. cxd4 Qxd4+ 19. Kh1 Qe5 20. Rad1 Ra7 21.
Qg4 Nd7 22. Rd3 Nf6 23. Qh4 Rd7 24. Rdf3 Rd6 25. g4 Rd2 26. g5 Nh5 27. R3f2
Rfd8 28. Qg4 Qc5 29. Qf3 gxf5 30. Bb1 Rxf2 31. Rxf2 f4 32. Rf1 Qc4 33. Kg1 Ng7
34. Qxf4 Re8 35. Rf2 Re7 36. Qb8+ Ne8 37. Qf4 Nc7 38. Kg2 Qd4 39. Qh4 Qe5 40.
Bc2 Ne6 41. Kh1 Nd4 42. Bd3 c5 43. Qh3 c4 44. Bb1 Ne6 45. Rf3 Qb2 46. Rf1 Nf4
47. Qg3 Ng6 48. Rd1 c3 49. Qb8+ 0-1

[Event "Mitropa Cup 27th"]
[Site "Olbia"]
[Date "2008.05.29"]
[Round "5.4"]
[White "Pap, Gyula"]
[Black "Skoberne, Jure"]
[Result "1-0"]
[WhiteElo "2451"]
[BlackElo "2492"]
[PlyCount "71"]
[EventDate "2008.05.25"]
[EventType "team-tourn"]
[EventRounds "9"]
[EventCountry "ITA"]
[Source "ChessBase"]
[SourceDate "2008.07.03"]
[WhiteTeam "Hungary"]
[BlackTeam "Slovenia"]
[WhiteTeamCountry "HUN"]
[BlackTeamCountry "SVK"]

1. Nf3 Nf6 2. c4 g6 3. Nc3 Bg7 4. g3 O-O 5. d4 d6 6. Bg2 Nbd7 7. O-O e5 8. e4
c6 9. h3 a6 10. Re1 Rb8 11. Be3 Qe7 12. Qc2 b5 13. c5 dxc5 14. Nxe5 Nxe5 15.
dxe5 Nd7 16. f4 c4 17. Qf2 Rd8 18. Rad1 Bb7 19. Rd6 f6 20. Red1 fxe5 21. Qd2
Bc8 22. Rxc6 Re8 23. Nd5 Qf7 24. Rf1 Re6 25. Rxe6 Qxe6 26. f5 Qd6 27. f6 Bf8
28. Bh6 Kf7 29. Bxf8 Nxf8 30. Qh6 Rb7 31. Qg7+ Ke8 32. f7+ Kd8 33. Rf6 Qc5+ 34.
Kh2 Bd7 35. Rxa6 Kc8 36. Qxe5 1-0

[Event "Mitropa Cup 27th"]
[Site "Olbia"]
[Date "2008.05.29"]
[Round "5.1"]
[White "Jenni, Florian"]
[Black "Caruana, Fabiano"]
[Result "1/2-1/2"]
[WhiteElo "2550"]
[BlackElo "2620"]
[PlyCount "81"]
[EventDate "2008.05.25"]
[EventType "team-tourn"]
[EventRounds "9"]
[EventCountry "ITA"]
[Source "ChessBase"]
[SourceDate "2008.07.03"]
[WhiteTeam "Switzerland"]
[BlackTeam "Italy"]
[WhiteTeamCountry "SUI"]
[BlackTeamCountry "ITA"]

1. e4 c5 2. Nf3 e6 3. d4 cxd4 4. Nxd4 a6 5. Bd3 Nf6 6. O-O Qc7 7. Qe2 d6 8. c4
g6 9. Nc3 Bg7 10. Nf3 Nc6 11. Bf4 e5 12. Be3 Bg4 13. h3 Nd4 14. Bxd4 Bxf3 15.
Qxf3 exd4 16. Nd5 Nxd5 17. cxd5 Rc8 18. Qf4 O-O 19. Rfc1 Qb6 20. Qd2 Rfe8 21.
g3 Qd8 22. Kg2 Qd7 23. Rxc8 Rxc8 24. Rc1 Rc7 25. Rxc7 Qxc7 26. Qc2 Qxc2 27.
Bxc2 d3 28. Bxd3 Bxb2 29. f4 Kf8 30. Kf3 Ke7 31. h4 Bf6 32. Ke3 Kd7 33. Be2 h5
34. g4 Bxh4 35. gxh5 gxh5 36. Bxh5 f6 37. a4 Bg3 38. Bg4+ Kc7 39. Bh3 Kb6 40.
Bc8 Kc7 41. Bh3 1/2-1/2

[Event "Mitropa Cup 27th"]
[Site "Olbia"]
[Date "2008.05.29"]
[Round "5.3"]
[White "Huss, Andreas"]
[Black "Garcia Palermo, Carlos H"]
[Result "1/2-1/2"]
[WhiteElo "2380"]
[BlackElo "2465"]
[PlyCount "38"]
[EventDate "2008.05.25"]
[EventType "team-tourn"]
[EventRounds "9"]
[EventCountry "ITA"]
[Source "ChessBase"]
[SourceDate "2008.07.03"]
[WhiteTeam "Switzerland"]
[BlackTeam "Italy"]
[WhiteTeamCountry "SUI"]
[BlackTeamCountry "ITA"]

1. d4 Nf6 2. Nf3 e6 3. c4 b6 4. Nc3 Bb7 5. a3 g6 6. Qc2 Bg7 7. e4 O-O 8. Bd3 d6
9. O-O Nc6 10. d5 Ne7 11. Bg5 h6 12. Bxf6 Bxf6 13. Rad1 Bg7 14. b4 a5 15. Qb3
axb4 16. axb4 c6 17. dxe6 fxe6 18. c5 d5 19. cxb6 Qxb6 1/2-1/2

[Event "Mitropa Cup 27th"]
[Site "Olbia"]
[Date "2008.05.29"]
[Round "5.4"]
[White "Bellini, Fabio"]
[Black "Raeber, Markus"]
[Result "1/2-1/2"]
[WhiteElo "2518"]
[BlackElo "2247"]
[PlyCount "81"]
[EventDate "2008.05.25"]
[EventType "team-tourn"]
[EventRounds "9"]
[EventCountry "ITA"]
[Source "ChessBase"]
[SourceDate "2008.07.03"]
[WhiteTeam "Italy"]
[BlackTeam "Switzerland"]
[WhiteTeamCountry "ITA"]
[BlackTeamCountry "SUI"]

1. e4 d6 2. d4 Nf6 3. Bd3 g6 4. f4 Bg7 5. Nf3 O-O 6. O-O Nc6 7. e5 Nd5 8. c3
Bg4 9. h3 Bxf3 10. Qxf3 e6 11. exd6 Qxd6 12. Nd2 Rad8 13. Ne4 Qd7 14. Bd2 b6
15. Rae1 Nf6 16. Nf2 Ne7 17. Bc1 Qa4 18. Bb1 Nd7 19. Nd3 c5 20. dxc5 bxc5 21.
Re4 Qb5 22. Ne5 f5 23. Ree1 Nxe5 24. fxe5 Rd5 25. Rd1 Rfd8 26. Bg5 Rxd1 27.
Rxd1 Rxd1+ 28. Qxd1 Nd5 29. Bd3 c4 30. Bf1 Qc5+ 31. Qd4 Bf8 32. Qxc5 Bxc5+ 33.
Kh1 Nb6 34. Bd8 Kf7 35. Bxb6 Bxb6 36. Bxc4 Bc7 37. Kg1 Bxe5 38. Kf2 g5 39. g4
Kf6 40. Kf3 h6 41. Ba6 1/2-1/2

[Event "Mitropa Cup 27th"]
[Site "Olbia"]
[Date "2008.05.31"]
[Round "6.1"]
[White "Erdos, Viktor"]
[Black "Neubauer, Martin"]
[Result "1/2-1/2"]
[WhiteElo "2576"]
[BlackElo "2446"]
[PlyCount "119"]
[EventDate "2008.05.25"]
[EventType "team-tourn"]
[EventRounds "9"]
[EventCountry "ITA"]
[Source "ChessBase"]
[SourceDate "2008.07.03"]
[WhiteTeam "Hungary"]
[BlackTeam "Austria"]
[WhiteTeamCountry "HUN"]
[BlackTeamCountry "AUT"]

1. d4 Nf6 2. c4 g6 3. Nc3 d5 4. Nf3 Bg7 5. e3 O-O 6. cxd5 Nxd5 7. Bc4 Nb6 8.
Bb3 c5 9. O-O cxd4 10. exd4 Bg4 11. d5 N8d7 12. h3 Bxf3 13. Qxf3 Nc5 14. Re1
Nxb3 15. axb3 Re8 16. Be3 Bxc3 17. Bxb6 Qxb6 18. bxc3 Qxb3 19. Rab1 Qc4 20.
Rxb7 Qc5 21. Rd7 Rac8 22. d6 Qxc3 23. Qxc3 Rxc3 24. Rexe7 Rf8 25. Rxa7 Rd3 26.
Rad7 Kg7 27. Re4 g5 28. h4 h6 29. h5 Kf6 30. g4 Ra8 31. Kg2 Ra6 32. Ree7 Rdxd6
33. Rxf7+ Ke5 34. Rf5+ Ke4 35. Re7+ Re6 36. Rg7 Rab6 37. Rgf7 Ra6 38. Rf3 Kd4
39. Kg3 Rab6 40. Rd7+ Rbd6 41. Rdf7 Ra6 42. Rb3 Rf6 43. Rd7+ Rad6 44. Rdb7 Ke4
45. Re3+ Kd5 46. Rbb3 Kc6 47. Ra3 Kd5 48. Ra5+ Kd4 49. Ra4+ Kd5 50. Ra5+ Kd4
51. Ree5 Ra6 52. Rad5+ Kc4 53. Rf5 Rxf5 54. Rxf5 Kd4 55. f3 Rb6 56. f4 Rb3+ 57.
Kf2 Rb2+ 58. Kf3 Rb3+ 59. Ke2 Rb2+ 60. Kf3 1/2-1/2

[Event "Mitropa Cup 27th"]
[Site "Olbia"]
[Date "2008.05.31"]
[Round "6.2"]
[White "Baumegger, Siegfried"]
[Black "Gonda, Laszlo"]
[Result "1/2-1/2"]
[WhiteElo "2440"]
[BlackElo "2509"]
[PlyCount "34"]
[EventDate "2008.05.25"]
[EventType "team-tourn"]
[EventRounds "9"]
[EventCountry "ITA"]
[Source "ChessBase"]
[SourceDate "2008.07.03"]
[WhiteTeam "Austria"]
[BlackTeam "Hungary"]
[WhiteTeamCountry "AUT"]
[BlackTeamCountry "HUN"]

1. c4 Nf6 2. Nc3 e6 3. e4 d5 4. e5 Ne4 5. Nf3 c5 6. cxd5 Nxc3 7. dxc3 exd5 8.
Bd3 Nc6 9. O-O Be7 10. Re1 Be6 11. Qe2 h6 12. Be3 Qc7 13. b4 cxb4 14. cxb4 Bxb4
15. Rec1 Ba3 16. Rc3 Bb4 17. Rcc1 Ba3 1/2-1/2